MARC

LEADER 00000nam0a2200000 4500
001 373814
005 20231101050906.0
035 |a (RuTPU)RU\TPU\retro\31245 
035 |a RU\TPU\book\225283 
090 |a 373814 
100 |a 20221216d1989 k y0rusy50 ca 
101 0 |a rus 
102 |a RU 
105 |a a z 001zy 
200 1 |a Технологическое формирование качества деталей при капитальном ремонте  |e межвузовский научный сборник  |f Саратовский политехнический институт (СПИ) ; под ред. В. А. Наливкина 
210 |a Саратов  |c Саратовский политехнический ин-т  |d 1989 
215 |a 100 с.  |c ил. 
320 |a Библиогр. в конце ст. 
610 1 |a детали 
610 1 |a качество 
610 1 |a капитальный ремонт 
610 1 |a формирование 
610 1 |a технологические процессы 
610 1 |a практические рекомендации 
610 1 |a рациональное использование 
675 |a 621.81.004  |v 3 
702 1 |a Наливкин  |b В. А.  |g Владимир Алексеевич  |4 340 
712 0 2 |a Саратовский политехнический институт (СПИ)  |c (1960-1992)  |2 stltpush  |3 (RuTPU)RU\TPU\col\283 
801 1 |a RU  |b 63413507  |c 20120114 
801 2 |a RU  |b 63413507  |c 20221216  |g RCR 
942 |c BK